| 000 | 00479nam a22001577a 4500 | ||
|---|---|---|---|
| 005 | 20260223105204.0 | ||
| 008 | 260223b |||||||| |||| 00| 0 eng d | ||
| 020 | _a978323749640 (hbk) | ||
| 040 | _cPK-LaUMT | ||
| 082 |
_a617.0231 _bMED- |
||
| 245 |
_aMedical-surgical nursing : _bconcepts for interprofessional collaborative care / _cby Donna D. Ignatavicius . . . [et al.] |
||
| 250 | _a10th ed. | ||
| 260 |
_aMissouri : _bElsevier, _c2021 |
||
| 300 | _a1523 p. | ||
| 942 | _cBK | ||
| 999 |
_c139847 _d139847 |
||